000 00532nam a22001817a 4500
005 20251108172421.0
008 250721s2002 xx 000 0 ara d
082 1 4 _a320.40962/مهد
100 1 _aمهدي، سمير
_eمؤلف
245 1 0 _aفي حب مصر على بلدي المحبوب :
_bمجموعة مقالات /
264 1 _aعمان :
_bالمؤلف،
_c2002.
300 _a320 ص.
650 1 7 _aالمقالات
650 1 7 _aالسياسة
650 1 7 _aتاريخ مصر
942 _2ddc
_cBK
999 _c78773
_d78773